000 00422 a2200145 4500
020 _a028989041
090 _c6096
_d6096
100 _aNixon, Richard
245 _aLeaders
_cRichard Nixon
260 _aLondon:
_bSidgwick & Jackson Ltd.,
_c1982.
300 _a371 p. ;
_c24 cm.
500 _aIncludes index
650 _a1.Nixon, Richard. 2.World politics--20th century. 3.Statesman--Biography.
942 _cBK
_k909.820922 NIX
999 _c9930
_d9930